Annual report, 2019-20 (Record no. 522252)

000 -LEADER
fixed length control field 00283nam a2200097 4500
082 ## - DEWEY DECIMAL CLASSIFICATION NUMBER
Classification number A45:R8/2019-20
100 ## - MAIN ENTRY--PERSONAL NAME
Personal name India.National Institute of Labour Economics Research and Development
9 (RLIN) 13040
245 ## - TITLE STATEMENT
Title Annual report, 2019-20
260 ## - PUBLICATION, DISTRIBUTION, ETC. (IMPRINT)
Place of publication, distribution, etc Delhi
Name of publisher, distributor, etc The author
Date of publication, distribution, etc 2020
300 ## - PHYSICAL DESCRIPTION
Extent 68p.
Holdings
Withdrawn status Lost status Source of classification or shelving scheme Damaged status Koha normalized classification for sorting Not for loan Permanent location Current location Date acquired Full call number Barcode Date last seen Price effective from Koha item type
        A_45R8_201920   Indian Institute of Public Administration Indian Institute of Public Administration 2023-03-21 A45:R8/2019-20 gg34998 2023-03-21 2023-03-21 GG

Powered by Koha